Najlepsi strzelcy Legii Warszawa w historii - Statystyki

Ogólne statystyki
  • Ten quiz został rozwiązany 37 razy
  • Średni wynik to 12 z 40
Statystyki odpowiedzi
Ilość goli Pierwszy gol Ostatni gol Odpowiedź % Poprawnych
226 1954-10-24 1971-09-08 Lucjan Brychczy
89%
141 1967-03-05 1978-10-29 Kazimierz Deyna
86%
93 2006-08-12 2018-07-17 Miroslav Radović
74%
55 2015-07-19 2016-12-18 Nemanja Nikolić
74%
63 2020-02-22 2025-05-24 Tomas Pekhart
66%
71 2010-09-21 2019-03-13 Michał Kucharczyk
63%
87 2002-09-11 2015-08-12 Marek Saganowski
51%
54 1991-03-20 2001-06-09 Wojciech Kowalczyk
51%
62 1987-06-06 1996-07-17 Leszek Pisz
49%
75 1994-07-24 2010-04-23 Marcin Mięciel
49%
88 1967-05-03 1974-11-24 Robert Gadocha
49%
58 1997-04-09 2007-05-26 Piotr Włodarczyk
46%
51 2001-08-18 2003-11-07 Stanko Svitlica
46%
59 1985-08-17 1993-09-25 Dariusz Dziekanowski
43%
56 1953-11-15 1956-10-21 Ernest Pohl
43%
79 1995-08-30 2006-03-25 Cezary Kucharski
40%
59 1997-06-04 2002-04-05 Sylwester Czereszewski
40%
41 2007-07-29 2009-09-25 Takesure Chinyama
37%
55 1994-03-19 1996-06-12 Jerzy Podbrożny
34%
41 2019-10-27 2025-09-14 Paweł Wszołek
34%
50 1997-09-27 2005-06-06 Bartosz Karwan
23%
50 1971-09-15 1978-09-17 Tadeusz Nowak
20%
42 1996-03-16 2005-06-15 Tomasz Sokołowski
20%
40 1962-08-15 1972-08-02 Bernard Blaut
14%
39 1982-03-31 1986-04-02 Andrzej Buncol
11%
81 1961-09-03 1971-05-16 Janusz Żmijewski
11%
106 1927-05-29 1935-10-27 Józef Nawrot
11%
51 1977-07-02 1982-04-24 Marek Kusto
11%
68 1967-07-13 1976-04-30 Jan Pieszko
9%
39 1948-04-11 1952-11-09 Kazimierz Górski
9%
58 1955-03-16 1957-12-01 Henryk Kempny
6%
34 1962-06-27 1968-05-25 Henryk Apostel
3%
60 1927-04-10 1931-11-22 Józef Ciszewski
3%
49 1979-03-11 1984-03-11 Krzysztof Adamczyk
3%
75 1927-04-18 1930-08-03 Marian Łańko
3%
44 1959-05-24 1963-06-08 Tadeusz Błażejewski
3%
48 1927-04-03 1935-07-07 Wacław Przeździecki
3%
35 1949-04-24 1953-09-27 Wacław Sąsiadek
3%
47 1927-10-02 1936-09-27 Witold Wypijewski
3%
50 1973-09-01 1977-05-25 Władysław Dąbrowski
3%
Nie znaleziono quizów pasujących do podanych kryteriów
Rozkład punktacji
Procent ludzi z każdym wynikiem
Percentyl według liczby udzielonych odpowiedzi
Twoja historia wyników
Nie rozwiązałeś tego quizu